000 00518nam a22001817a 4500
999 _c165587
_d165587
005 20190624125843.0
010 _aB-125722
020 _c1000.00
035 _aEN-109254
037 _bDBAD/PUB
082 _a820.99
100 _aJain, Seema
245 _aWomen's writing in English/
_cby Seema Jain
260 _aDelhi
_bDiamond Creation
_c2017
270 _a21, North, Basti Harphool Singh,Sadar Thana Road
_bDelhi,
_e110006
300 _avii,256p.
_c22cm(Hb)
942 _2ddc
_cEN
_h820.99
_mJAI